000 00502nam a2200241Ia 4500
001 069692
003 YMCAF
005 20230512160601.0
008 100717s9999 ||||||||||||||||| ||und|d
020 _a-
024 _a69692
035 _a9155
040 _aYMCAF
_beng
_cIN-KoLT
041 _aeng
082 _a621.312
_b13 ELL
100 _aELLISON, A J
245 0 _aELECTROMECHANICAL ENERGY CONVERSATION
250 _a-
300 _a199
653 _a-
653 _a-
942 _2ddc
_cBK
999 _c5438
_d5438